| 000 | 00000nam 2200000za 4500 |
| 001 | 9.827992 |
| 003 | CaOODSP |
| 005 | 20221107144934 |
| 007 | cr ||||||||||| |
| 008 | 160525s2016 onc o f000 0 fre d |
| 040 | |aCaOODSP|bfre |
| 043 | |an-cn--- |
| 086 | 1 |aH113-3/2016-1F-PDF|zH113-3/2016-1F |
| 245 | 00|aLignes directrices sur la publicité relative aux produits antiparasitaires |h[ressource électronique]. |
| 260 | |aOttawa : |bSanté Canada, Agence de réglementation de la lutte antiparasitaire, |c2016. |
| 300 | |a13 p. |
| 490 | 1 |aDirective d'homologation, |x1498-5934 ; |vDIR2016-01 |
| 500 | |aPublié aussi en anglais sous le titre: Guidelines for the advertising of pest control products. |
| 500 | |a« Le 18 novembre 2016. » |
| 500 | |aTitre pris sur la couv. |
| 520 | |a« Le présent document remplace la Directive d’homologation DIR96-02 intitulée Étiquetage et allégations concernant l’environnement - produits antiparasitaires et la DIR99-02, Publicité sur les produits antiparasitaires, afin de refléter la législation et la réglementation en vigueur ainsi que l’élaboration des politiques actuelles. Il y est question des exigences essentielles à la publicité relative aux produits antiparasitaires, sous quelque forme et par quelque média que ce soit »--Introduction. |
| 692 | 07|2gccst|aPesticide |
| 692 | 07|2gccst|aAccréditation |
| 692 | 07|2gccst|aProcédure d'agrément |
| 710 | 1 |aCanada.|bSanté Canada. |bAgence de réglementation de la lutte antiparasitaire. |
| 775 | 08|tGuidelines for the advertising of pest control products |w(CaOODSP)9.827988 |
| 830 | #0|aDirective d'homologation,|x1498-5934 ; |vDIR2016-01.|w(CaOODSP)9.500786 |
| 856 | 40|qPDF|s165 Ko|uhttps://publications.gc.ca/collections/collection_2016/sc-hc/H113-3-2016-1-fra.pdf |